<?xml version="1.0" encoding="UTF-8"?><?xml-stylesheet type="text/xsl" href="static/style.xsl"?><OAI-PMH xmlns="http://www.openarchives.org/OAI/2.0/" xmlns:xsi="http://www.w3.org/2001/XMLSchema-instance" xsi:schemaLocation="http://www.openarchives.org/OAI/2.0/ http://www.openarchives.org/OAI/2.0/OAI-PMH.xsd"><responseDate>2026-04-17T03:33:40Z</responseDate><request verb="GetRecord" identifier="oai:www.recercat.cat:11351/9392" metadataPrefix="marc">https://recercat.cat/oai/request</request><GetRecord><record><header><identifier>oai:recercat.cat:11351/9392</identifier><datestamp>2025-03-05T04:46:20Z</datestamp><setSpec>com_2072_378070</setSpec><setSpec>com_2072_378040</setSpec><setSpec>col_2072_378092</setSpec></header><metadata><record xmlns="http://www.loc.gov/MARC21/slim" xmlns:dcterms="http://purl.org/dc/terms/" xmlns:xsi="http://www.w3.org/2001/XMLSchema-instance" xmlns:doc="http://www.lyncode.com/xoai" xsi:schemaLocation="http://www.loc.gov/MARC21/slim http://www.loc.gov/standards/marcxml/schema/MARC21slim.xsd">
   <leader>00925njm 22002777a 4500</leader>
   <datafield ind2=" " ind1=" " tag="042">
      <subfield code="a">dc</subfield>
   </datafield>
   <datafield ind2=" " ind1=" " tag="720">
      <subfield code="a">Bossi, Alberto</subfield>
      <subfield code="e">author</subfield>
   </datafield>
   <datafield ind2=" " ind1=" " tag="720">
      <subfield code="a">Davis, Ian D.</subfield>
      <subfield code="e">author</subfield>
   </datafield>
   <datafield ind2=" " ind1=" " tag="720">
      <subfield code="a">Fizazi, Karim</subfield>
      <subfield code="e">author</subfield>
   </datafield>
   <datafield ind2=" " ind1=" " tag="720">
      <subfield code="a">James, Nicholas D.</subfield>
      <subfield code="e">author</subfield>
   </datafield>
   <datafield ind2=" " ind1=" " tag="720">
      <subfield code="a">Mateo Valderrama, Joaquim</subfield>
      <subfield code="e">author</subfield>
   </datafield>
   <datafield ind2=" " ind1=" " tag="720">
      <subfield code="a">de Bono, Johann S</subfield>
      <subfield code="e">author</subfield>
   </datafield>
   <datafield ind2=" " ind1=" " tag="720">
      <subfield code="a">Gillessen, Silke</subfield>
      <subfield code="e">author</subfield>
   </datafield>
   <datafield ind2=" " ind1=" " tag="260">
      <subfield code="c">2023-04-21T13:14:04Z</subfield>
   </datafield>
   <datafield ind2=" " ind1=" " tag="260">
      <subfield code="c">2023-04-21T13:14:04Z</subfield>
   </datafield>
   <datafield ind2=" " ind1=" " tag="260">
      <subfield code="c">2023-03</subfield>
   </datafield>
   <datafield ind2=" " ind1=" " tag="520">
      <subfield code="a">Hormonal treatment; Prostate cancer; Side effects</subfield>
   </datafield>
   <datafield ind2=" " ind1=" " tag="520">
      <subfield code="a">Tratamiento hormonal; Cáncer de próstata; Efectos secundarios</subfield>
   </datafield>
   <datafield ind2=" " ind1=" " tag="520">
      <subfield code="a">Tractament hormonal; Càncer de pròstata; Efectes secundaris</subfield>
   </datafield>
   <datafield ind2=" " ind1=" " tag="520">
      <subfield code="a">Background&#xd;
Innovations in imaging and molecular characterisation and the evolution of new therapies have improved outcomes in advanced prostate cancer. Nonetheless, we continue to lack high-level evidence on a variety of clinical topics that greatly impact daily practice. To supplement evidence-based guidelines, the 2022 Advanced Prostate Cancer Consensus Conference (APCCC 2022) surveyed experts about key dilemmas in clinical management.&#xd;
Objective&#xd;
To present consensus voting results for select questions from APCCC 2022.&#xd;
Design, setting, and participants&#xd;
Before the conference, a panel of 117 international prostate cancer experts used a modified Delphi process to develop 198 multiple-choice consensus questions on (1) intermediate- and high-risk and locally advanced prostate cancer, (2) biochemical recurrence after local treatment, (3) side effects from hormonal therapies, (4) metastatic hormone-sensitive prostate cancer, (5) nonmetastatic castration-resistant prostate cancer, (6) metastatic castration-resistant prostate cancer, and (7) oligometastatic and oligoprogressive prostate cancer. Before the conference, these questions were administered via a web-based survey to the 105 physician panel members (“panellists”) who directly engage in prostate cancer treatment decision-making. Herein, we present results for the 82 questions on topics 1–3.&#xd;
Outcome measurements and statistical analysis&#xd;
Consensus was defined as ≥75% agreement, with strong consensus defined as ≥90% agreement.&#xd;
Results and limitations&#xd;
The voting results reveal varying degrees of consensus, as is discussed in this article and shown in the detailed results in the Supplementary material. The findings reflect the opinions of an international panel of experts and did not incorporate a formal literature review and meta-analysis.&#xd;
Conclusions&#xd;
These voting results by a panel of international experts in advanced prostate cancer can help physicians and patients navigate controversial areas of clinical management for which high-level evidence is scant or conflicting. The findings can also help funders and policymakers prioritise areas for future research. Diagnostic and treatment decisions should always be individualised based on patient and cancer characteristics (disease extent and location, treatment history, comorbidities, and patient preferences) and should incorporate current and emerging clinical evidence, therapeutic guidelines, and logistic and economic factors. Enrolment in clinical trials is always strongly encouraged. Importantly, APCCC 2022 once again identified important gaps (areas of nonconsensus) that merit evaluation in specifically designed trials.</subfield>
   </datafield>
   <datafield tag="653" ind2=" " ind1=" ">
      <subfield code="a">Pròstata - Càncer - Tractament</subfield>
   </datafield>
   <datafield tag="653" ind2=" " ind1=" ">
      <subfield code="a">Pròstata - Càncer - Diagnòstic</subfield>
   </datafield>
   <datafield tag="653" ind2=" " ind1=" ">
      <subfield code="a">Decisió, Presa de</subfield>
   </datafield>
   <datafield tag="653" ind2=" " ind1=" ">
      <subfield code="a">DISEASES::Neoplasms::Neoplasms by Site::Urogenital Neoplasms::Genital Neoplasms, Male::Prostatic Neoplasms</subfield>
   </datafield>
   <datafield tag="653" ind2=" " ind1=" ">
      <subfield code="a">Other subheadings::Other subheadings::/therapy</subfield>
   </datafield>
   <datafield tag="653" ind2=" " ind1=" ">
      <subfield code="a">PSYCHIATRY AND PSYCHOLOGY::Behavior and Behavior Mechanisms::Psychology, Social::Group Processes::Consensus</subfield>
   </datafield>
   <datafield tag="653" ind2=" " ind1=" ">
      <subfield code="a">ENFERMEDADES::neoplasias::neoplasias por localización::neoplasias urogenitales::neoplasias de los genitales masculinos::neoplasias de la próstata</subfield>
   </datafield>
   <datafield tag="653" ind2=" " ind1=" ">
      <subfield code="a">Otros calificadores::Otros calificadores::/terapia</subfield>
   </datafield>
   <datafield tag="653" ind2=" " ind1=" ">
      <subfield code="a">PSIQUIATRÍA Y PSICOLOGÍA::conducta y mecanismos de la conducta::psicología social::procesos de grupo::consenso</subfield>
   </datafield>
   <datafield ind2="0" ind1="0" tag="245">
      <subfield code="a">Management of Patients with Advanced Prostate Cancer. Part I: Intermediate-/High-risk and Locally Advanced Disease, Biochemical Relapse, and Side Effects of Hormonal Treatment: Report of the Advanced Prostate Cancer Consensus Conference 2022</subfield>
   </datafield>
</record></metadata></record></GetRecord></OAI-PMH>